Účtovné súvzťažnosti
Salvato in:
| Autore principale: | |
|---|---|
| Altri autori: | |
| Natura: | Libro |
| Lingua: | slovacco |
| Pubblicazione: |
Žilina
Poradca podnikateľa
2004
|
| Edizione: | 4. vyd. |
| Serie: | Praktická príručka pre účtovníkov
|
| Soggetti: | |
| Tags: |
Nessun Tag, puoi essere il primo ad aggiungerne!!
|
MARC
| LEADER | 00000nam$a2200000$$$4500 | ||
|---|---|---|---|
| 001 | 0013464 | ||
| 005 | 20240318115359.4 | ||
| 020 | |a 80-967566-9-9 | ||
| 041 | 0 | |a slo | |
| 044 | |a SK | ||
| 245 | 1 | 0 | |a Účtovné súvzťažnosti |c Viera Kaletová, Jana Turóciová |
| 250 | |a 4. vyd. | ||
| 264 | 1 | |a Žilina |b Poradca podnikateľa |c 2004 | |
| 300 | |a 368 s. | ||
| 490 | 1 | |a Praktická príručka pre účtovníkov | |
| 830 | 0 | |a Praktická príručka pre účtovníkov | |
| 610 | 2 | 0 | |a účtovníctvo podvojné |
| 610 | 2 | 0 | |a triedy účtové |
| 610 | 2 | 0 | |a Slovensko |
| 610 | 2 | 0 | |a opatrenia |
| 610 | 2 | 0 | |a osnova účtová |
| 100 | 1 | |a Kaletová, Viera | |
| 700 | 1 | |a Turóciová, Jana | |